| 000 | 00968akm a2200385a 44500 | ||
|---|---|---|---|
| 008 | 991111s1999 cat | ||
| 041 | _acat | ||
| 080 | _a611.6(038) | ||
| 110 |
_aEDIGOL _968877 |
||
| 245 | _aAparell excretor | ||
| 245 | _cEdigol. | ||
| 245 | _h[cartell] | ||
| 260 | _aBarcelona | ||
| 260 | _aEsplugues de Llobregat | ||
| 260 | _bEdigol | ||
| 260 | _bEditores Médicos | ||
| 260 | _c1999 | ||
| 300 | _bil. | ||
| 490 | _aLàmines d'Anatomia | ||
| 500 | _aImprès al dors del cartell "Aparell digestiu" de la mateixa col·lecció | ||
| 500 | _btermcat | ||
| 520 | _a64 | ||
| 591 | _a6261 | ||
| 592 | _aObra terminològica | ||
| 593 | _aEAK | ||
| 594 | _a6261 | ||
| 650 |
_aaparell urogenital _968859 |
||
| 830 |
_aLàmines d'Anatomia _968878 |
||
| 901 | _c<1999> | ||
| 902 | _a991111 | ||
| 942 |
_cMO _n0 |
||
| 999 |
_c58021 _d58021 |
||